Language Quiz

Random Language or French Quiz

Names in Other Languages Quiz Stats

 Plays Quiz Updated Feb 27, 2019

Challenge
Share
Tweet
Embed
Score 0/75 Timer 08:00
1 Play Today
Name % Correct
Antony...
82.2%
Anton
81.9%
Henri...
76.8%
José
76.6%
Paul
75.7%
Paul
75.7%
Charles
73.6%
Antonio...
71.3%
Antonio...
71.1%
Christoph
71.1%
Louis...
70.9%
Johann...
69.4%
Georg...
69.3%
Stephan...
68.9%
Michel...
68.2%
Joseph
64.9%
Peter
60.8%
Carl
59.6%
Jorge
59.3%
Wilhelm...
57%
Michael
56.9%
Alexandre...
56%
Antoine...
55.7%
Alexander
55.2%
Stefan...
54.7%
Christophe
54.5%
Alejandro
53.8%
Juan...
53.3%
Carlos...
52.1%
Carlo
51.6%
Aleksandr...
50.9%
Jean...
50%
Joseph
48.1%
Paolo...
47.7%
Pedro
44.5%
Miguel...
43.5%
Jakob
43.1%
Luis...
40.5%
Name % Correct
Georges
36.4%
Pierre
35.6%
Alessandro...
34.1%
Giorgio...
33%
Stefano
32.3%
Pablo...
31.4%
Karl
31.4%
Heinrich...
30%
Pietro...
29.7%
Giovanni...
27.6%
Guillermo
27.2%
Jacques
26.6%
Esteban...
26.3%
Enrique...
25.9%
Ivan...
25.8%
Guillaume
25.6%
Étienne...
25%
Cristóbal
24.9%
Mikhail...
24.5%
Giuseppe
23.8%
Luigi...
21.7%
Pyotr...
20.7%
Jacobo...
19.6%
Enrico...
19.2%
Michele
18%
Giacobbe...
13.4%
Pavel...
11.7%
Ludwig...
11.3%
Cristoforo
10.1%
Yakov...
7.5%
Yuri...
5.8%
Guglielmo
5.3%
Iosif...
4.3%
Genrikh
1.2%
Khristofor
1%
Vilgelm
0.9%
Lyudovik
0.7%

You're not logged in!

Compare scores with friends on all Sporcle quizzes.
OR
Log In

You Might Also Like...

Show Comments

Extras

Top Quizzes Today


Score Distribution

Your Account Isn't Verified!

In order to create a playlist on Sporcle, you need to verify the email address you used during registration. Go to your Sporcle Settings to finish the process.

Report this User

Report this user for behavior that violates our Community Guidelines.

Details: